000 00752nam a2200253Ia 4500
003 OSt
005 20220928131404.0
006 a|||||r|||| 00| 0
007 ta
008 220927b |||||||| |||| 00| 0 eng d
020 _cINR 1950.00
024 _a140152
037 _b040, 06/03/2019, Rupa Prkashan
_cTextual
040 _aSDCL
_cSDCL
_beng
041 _2eng
_aeng
082 _aR672xG80,2, P6
100 _aRangaswami J.
_9477926
245 0 _aSrivacanabhusanam of pillai lokacarya
260 _aDelhi
_bSharada publishing house
_c2006
300 _axxiv,784p.
_ccm.
650 _aSanskrit
_9391587
942 _hR672xG80,2, P6
_cTEXL
_2CC
999 _c790409
_d790409